000 00837nam a2200229 a 4500
001 000015826
003 DO-SdBNP
005 20240927073747.0
008 100219s1976 dr ac 000 0 spa d
040 _aDO-SdBNP
_bspa
_cBNPHU
082 _a320.97293
_bD568a
245 0 0 _aDiez años de gobierno constitucional del Dr. Joaquín Balaguer 1966 - 1976.
260 _aSan Francisco de Macorís :
_bPadilla,
_c[1976].
300 _av. :
_bil. ;retrs. ;
_c29 cm.
500 _aLa biblioteca posee el volumen 1
590 _aInventariado, 2018/ YL
600 1 0 _a Balaguer, Joaquín,
_d1906-2002
_976556
651 1 4 _aRepública Dominicana
_xPolítica y gobierno
_y1966-1976
_935625
651 1 4 _aRepública Dominicana
_xObras públicas
_y1966-1976
_xObras Ilustradas
_935626
910 _aValidado. Control de calidad MFF
942 _2ddc
_cLBS1
999 _c15370
_d15370